000
00319nam a2200133Ia 4500
082
_a
615
_b
P12C
100
_a
CLARK, MICHELE, A.
245
_a
LIPPINCOTT,S ILLUSTRATWED REVIEWS PHARMACOLOGY
250
_a
5TH
260
_b
WOLTERS KLUWER
_a
DELHI
_c
2012
300
_a
1-612
650
_a
PHARMACOLOGY
942
_2
ddc
_c
BK
_0
7
999
_c
1311
_d
1311